Biggest wars by Death Toll between 1500-Present - Statistics

General Stats
  • This quiz has been taken 82 times
  • The average score is 5 of 20
Answer Stats
Death Toll Years Continent War Name % Correct
80,000,000 1939-1945 Europe, Asia, Africa, North America WWII
100%
17,000,000 1914-1918 Europe, Asia, Africa WWI
99%
1,500,000 1950-1953 Asia Korean War
48%
8,000,000 1927-1949 Asia Chinese Civil War
43%
4,000,000 1803-1815 Europe/Asia/Africa Napoleonic Wars
43%
7,000,000 1917-1922 Asia/Europe Russian Civil War
35%
4,900,000 1618-1648 Europe Thirty Years' War
22%
20,000,000 1850-1864 Asia Taiping Rebellion
20%
20,000,000 1937-1945 Asia Second Sino-Japanese War
16%
3,000,000 1998-2003 Africa Second Congo War
14%
25,000,000+ 1616-1683 Asia Transition from Ming to Qing
4%
8,000,000 1862-1877 Asia Dungan Revolt
3%
8,000,000 1519-1530 North America Spanish conquest of Mexico
3%
3,500,000 1648-1667 Europe Deluge
1%
2,500,000 1562-1598 Europe French Wars of Religion
1%
5,000,000 1658-1707 Asia Mughal-Maratha Wars
1%
5,000,000 1499-1540 South America Spanish Conquest of Colombia
1%
5,000,000 1854-1873 Asia Miao Rebellion
0%
8,400,000 1533-1572 South America Spanish conquest of the Incans
0%
1,460,000 1519-1595 North America Spanish conquest of Yucatan
0%
No matching quizzes found
Score Distribution
Percent of People with Each Score
Percentile by Number Answered
Your Score History
You have not taken this quiz